Hồ Chí Minh : Người chiến sĩ quốc tế

Sách giới thiệu các bài viết của tác giả viết về chủ tịch Hồ Chí Minh và các hoạt động của người trong các tổ chức quốc tế như Quốc tế cộng sản, Quốc tế nông dân, Quốc tế công hội đỏ...

Volledige beschrijving

Bewaard in:
Bibliografische gegevens
Hoofdauteur: Nguyễn, Quốc Hùng
Formaat: Boek
Taal:Undetermined
Gepubliceerd in: Hà Nội Chính trị quốc gia 2005
Onderwerpen:
Tags: Voeg label toe
Geen labels, Wees de eerste die dit record labelt!
Thư viện lưu trữ: Trung tâm Học liệu Trường Đại học Cần Thơ
LEADER 00995nam a2200241Ia 4500
001 CTU_223954
008 210402s9999 xx 000 0 und d
020 |c 16000 
082 |a 959.704092 
082 |b H513 
100 |a Nguyễn, Quốc Hùng 
245 0 |a Hồ Chí Minh : 
245 0 |b Người chiến sĩ quốc tế 
245 0 |c Nguyễn Quốc Hùng 
260 |a Hà Nội 
260 |b Chính trị quốc gia 
260 |c 2005 
520 |a Sách giới thiệu các bài viết của tác giả viết về chủ tịch Hồ Chí Minh và các hoạt động của người trong các tổ chức quốc tế như Quốc tế cộng sản, Quốc tế nông dân, Quốc tế công hội đỏ 
650 |a Ho Chi Minh,Hồ Chí Minh 
650 |x Biography,Tiểu sử 
904 |i Quang Hiếu 
910 |b dqhieu 
980 |a Trung tâm Học liệu Trường Đại học Cần Thơ